000 01309nam a2200385 a 4500
001 20610
003 VRT
005 20260127141635.0
008 250414s1981 xo 0 slo
015 _aSNBA1981/08
035 _aSNK000045375
039 9 _a202504141425
_bVLOAD
_c202403151759
_dVLOAD
_c202111090904
_dAUTHORITY
_c201808151734
_dVLOAD
040 _aSNK
_bslo
_cSNK
_eAACR2
041 0 _aslo
044 _axo
_cSK
080 _a869.0 (81)-3
_21981
100 1 _aAmado, Jorge,
_d1912-2001
_4aut
245 1 0 _aDona Flora a jej dvaja mužovia
_cJorge Amado ; Štefan Martoňák, Miroslav Cipár, Igor Imro
250 _a1. vyd.
260 _aBratislava
_bTatran
_c1981
_eBanská Bystrica
_fTlačiarne SNP
300 _a527 s., 30 AH
_c21 cm
366 _e35000 výtl.
490 0 _aLUK
_vZv. 82.
500 _aText na predsádkach.
700 1 _aMartoňák, Štefan
_4trl
700 1 _aCipár, Miroslav,
_d1935-2021
_4bkd
700 1 _aImro, Igor,
_d1943-
_4bkd
942 _2ddc
_cKLDO
_n0
949 _6273K0143035
_asvkpoA 119889
_bsvkpo279383
949 _617A0031666
_9P60, <05>, [BOOK], {605}
_asnkSC 52630 D1
949 _617A0864160
_asnkSC 52630
949 _6273K0581613
_asvkpoA 223475
_bsvkpo579801
999 _c20610
_d20610